Smiths Lyrics: Please, Please ... Let Me Get What I Want - Statistics

General Stats
  • This quiz has been taken 30 times
  • The average score is 71 of 82
Answer Stats
Answer % Correct
get
100%
get
100%
I
100%
I
100%
let
100%
let
100%
let
100%
let
100%
let
100%
me,
100%
me,
100%
me,
100%
me
100%
me
100%
please,
100%
please,
100%
please,
100%
time.
100%
time,
100%
time.
100%
time.
100%
want
100%
want.
100%
what
100%
what
100%
the
95%
the
95%
the
95%
the
95%
a
91%
a
91%
a
91%
a
91%
a
91%
for
91%
for
91%
be
86%
be
86%
had
86%
had
86%
had
86%
I've
86%
I've
86%
life
86%
life,
86%
bad.
82%
bad.
82%
first
82%
first
82%
Good
82%
good
82%
good
82%
it
82%
it
82%
make
82%
make
82%
man
82%
man
82%
So,
82%
So
82%
knows,
77%
knows,
77%
Lord
77%
Lord
77%
this
77%
times
77%
would
77%
would
77%
can
73%
can
73%
dream
73%
in
73%
in
73%
my
73%
once
73%
see
73%
see,
73%
change,
68%
long
68%
Haven't
64%
turn
64%
luck
55%
No matching quizzes found
Score Distribution
Percent of People with Each Score
Percentile by Number Answered
Your Score History
You have not taken this quiz